• 首页
  • 本馆介绍
  • 公告通知
  • 最新文献
  • 馆藏检索
  • 电子资源
  • 读者导购
  • 参考咨询
  • 我的图书馆
  • 登录
  • 详细信息显示
  • 放入我的书架
  • 预约/预借图书
  • 作者相关作品
  • 分类相关作品
  • 丛书相关作品
  • 出版社相关作品

书目信息

  • 表格格式
  • 工作单格式
  • 卡片格式
题名:
必然和自由
    
 
作者: 戈卢边科 著 ;苍道来 译
分册:  
出版信息: 北京   北京大学出版社  1984
页数: 199页
开本: 19cm
丛书名:
单 册:
中图分类: B025.9
科图分类:
主题词: 必然和自由
电子资源:
ISBN:
000 00765nam0 2200253 45
001 1568649426
005 20150130190433.53
010    @dCNY0.65
091    @aCN@b2209.28
100    @a19950515d1984 em y0chiy0121 ea
101 1  @achi@crus
102    @aCN@b110000
105    @ay z 000zy
200 10 @a必然和自由@Abi ran he zi you@f(苏)В.П.戈卢边科著@g苍道来译
210    @a北京@c北京大学出版社@d1984
215    @a199页@d19cm
300    @a书名原文:Необходимость и свобода
510 1  @aНеобходимость и свобода@zrus
606    @a必然和自由
690    @aB025.9@v3
701  1 @a戈卢边科@Age lu bian ke@bВ.П.@4著
702  0 @a苍道来@Acang dao lai@4译
801  0 @aCN@bTSSF@c20150130
905    @aZUCC@dB025.9@eJY1
    
    必然和自由/(苏)В.П.戈卢边科著/苍道来译.-北京:北京大学出版社,1984
    199页;19cm
    书名原文:Необходимость и свобода
    
    ISBN :CNY0.65
    
●
相关链接 在E读中查询图书 在五车中查询图书 在当当中查询图书 在豆瓣中查询图书


正题名:必然和自由     索取号:B025.9/JY1         预约/预借

序号 登录号 条形码 馆藏地/架位号 状态 备注
1 7858648   278586488   学院路分馆/ [索取号:B025.9/JY1] 在馆    
唐山师范学院图书馆 欢迎您!
大连网信软件有限公司© 版权所有